[Event "29. Torneo San Viator 2017"]
[Site "Madrid ESP"]
[Date "2017.09.24"]
[Round "2.3"]
[White "Monreal Bejarano, Luis Miguel"]
[Black "Bustos Bernardo, Samuel"]
[Result "0-1"]
[WhiteElo "1883"]
[BlackElo "2096"]
[PlyCount "62"]
[EventDate "2017.09.17"]
[EventType "swiss"]
[EventRounds "9"]
[EventCountry "ESP"]
[SourceTitle "Ajedrez en Madrid"]
[Source "lmi"]
[SourceDate "2017.09.17"]

1. d4 Nf6 2. Nf3 e6 3. g3 b5 4. Bg2 Bb7 5. O-O c5 6. c3 Be7 7. Re1 O-O 8. Nbd2
d5 9. Ne5 Qb6 10. e3 Rd8 11. h4 a5 12. dxc5 Bxc5 13. Nb3 Bd6 14. Ng4 Ne4 15.
Qe2 Ba6 16. Qc2 Qc7 17. Bxe4 dxe4 18. Rd1 Nd7 19. Nh2 Ne5 20. Nd4 Nd3 21. Nf1
Rac8 22. Ne2 b4 23. a3 b3 24. Qxb3 Nc5 25. Qc2 Bd3 26. Qd2 Nb3 27. Qe1 Nxa1 28.
b4 e5 29. Kg2 Qc4 30. Ng1 Nc2 31. Qd2 Be7 0-1

[Event "29. Torneo San Viator 2017"]
[Site "Madrid ESP"]
[Date "2017.09.24"]
[Round "2.4"]
[White "Robles Diaz, Jose Alberto"]
[Black "Rodriguez Romero, Martin"]
[Result "1-0"]
[WhiteElo "2096"]
[BlackElo "1907"]
[PlyCount "49"]
[EventDate "2017.09.17"]
[EventType "swiss"]
[EventRounds "9"]
[EventCountry "ESP"]
[SourceTitle "Ajedrez en Madrid"]
[Source "lmi"]
[SourceDate "2017.09.17"]

1. Nf3 Nf6 2. c4 g6 3. g3 Bg7 4. Bg2 O-O 5. d4 d6 6. O-O Nbd7 7. Nc3 e5 8. h3
c6 9. e4 Re8 10. Be3 exd4 11. Nxd4 Nc5 12. Qc2 a5 13. Rfe1 a4 14. Rab1 Nfd7 15.
Rbd1 Qa5 16. Rb1 Qb4 17. b3 axb3 18. axb3 Ne5 19. Red1 Ned7 20. Rd2 Ne6 21.
Nde2 Ne5 22. Rbd1 Ra3 23. Rb1 Nc5 24. Na2 Rxa2 25. Qxa2 1-0

[Event "29. Torneo San Viator 2017"]
[Site "Madrid ESP"]
[Date "2017.09.24"]
[Round "2.5"]
[White "Garcia Galeote, Lorenzo"]
[Black "Alonso Aranzabal, Iñigo"]
[Result "0-1"]
[WhiteElo "1989"]
[BlackElo "1880"]
[PlyCount "60"]
[EventDate "2017.09.17"]
[EventType "swiss"]
[EventRounds "9"]
[EventCountry "ESP"]
[SourceTitle "Ajedrez en Madrid"]
[Source "lmi"]
[SourceDate "2017.09.17"]

1. d4 Nf6 2. c4 g6 3. Nc3 Bg7 4. e4 d6 5. Nge2 O-O 6. Ng3 Nbd7 7. Be2 h5 8. h4
c5 9. d5 a6 10. a4 Ne5 11. f3 Nh7 12. Be3 Bd7 13. Qd2 b6 14. Nd1 Qe8 15. Nf2 b5
16. Bh6 bxc4 17. Bxg7 Kxg7 18. f4 Nd3+ 19. Bxd3 cxd3 20. f5 Bxa4 21. Nh3 e5 22.
dxe6 fxe6 23. Nf4 exf5 24. O-O fxe4 25. Rxa4 Qxa4 26. Ne6+ Kg8 27. Rxf8+ Nxf8
28. Qh6 Nxe6 29. Qxg6+ Ng7 30. Nxh5 Qd1+ 0-1

[Event "29. Torneo San Viator 2017"]
[Site "Madrid ESP"]
[Date "2017.09.24"]
[Round "2.6"]
[White "Lobato Rivero, Carlos"]
[Black "Campos Tores, Jose Luis"]
[Result "1-0"]
[WhiteElo "1971"]
[BlackElo "1879"]
[PlyCount "73"]
[EventDate "2017.09.17"]
[EventType "swiss"]
[EventRounds "9"]
[EventCountry "ESP"]
[SourceTitle "Ajedrez en Madrid"]
[Source "lmi"]
[SourceDate "2017.09.17"]

1. d4 d5 2. Bf4 Nf6 3. e3 Bf5 4. Bd3 Bxd3 5. Qxd3 e6 6. Nf3 Bd6 7. Qb5+ Nbd7 8.
Bxd6 cxd6 9. O-O O-O 10. Qxb7 Rb8 11. Qxa7 Qc8 12. Qa3 Qxc2 13. b3 Rfc8 14.
Nbd2 Ne4 15. Rac1 Qd3 16. Rxc8+ Rxc8 17. Nxe4 dxe4 18. Ng5 h6 19. Qxd6 hxg5 20.
Qxd7 Ra8 21. Rc1 Rxa2 22. Qe8+ Kh7 23. Qxf7 Qc2 24. Rf1 Qxb3 25. Qh5+ Kg8 26.
Qe8+ Kh7 27. Qh5+ Kg8 28. Qxg5 Qc3 29. h4 Qa5 30. Qxa5 Rxa5 31. Kh2 Rf5 32. Kg3
Rf6 33. Rc1 Rg6+ 34. Kh3 Rf6 35. Rc2 Kh7 36. g4 Kg8 37. Kg2 1-0

[Event "29. Torneo San Viator 2017"]
[Site "Madrid ESP"]
[Date "2017.09.24"]
[Round "2.8"]
[White "Rodriguez Bittar, Karim Javier"]
[Black "Calvo de Castro, Miguel"]
[Result "1-0"]
[WhiteElo "1934"]
[BlackElo "1836"]
[PlyCount "59"]
[EventDate "2017.09.17"]
[EventType "swiss"]
[EventRounds "9"]
[EventCountry "ESP"]
[SourceTitle "Ajedrez en Madrid"]
[Source "lmi"]
[SourceDate "2017.09.17"]

1. Nf3 c5 2. g3 Nc6 3. Bg2 g6 4. O-O Bg7 5. d3 d6 6. Nbd2 Nf6 7. c3 e5 8. Ne4
Nd5 9. c4 Nc7 10. Rb1 O-O 11. a3 a5 12. Bg5 f6 13. Bd2 Bd7 14. Nxd6 Qe7 15. Ne4
Ne6 16. Nc3 f5 17. Nd5 Qd6 18. b4 axb4 19. axb4 Ra2 20. Nc3 Rxd2 21. Nxd2 Nxb4
22. Nd5 Nxd5 23. Bxd5 Bc6 24. Rb6 Kh8 25. Bxc6 Qc7 26. Rxb7 Qxc6 27. Qb1 Nd4
28. Re1 e4 29. Qb6 Qc8 30. Qc7 1-0

[Event "29. Torneo San Viator 2017"]
[Site "Madrid ESP"]
[Date "2017.09.24"]
[Round "2.9"]
[White "Soderstrom, Henrik"]
[Black "Perdomo Araujo, Angel Eduardo"]
[Result "0-1"]
[WhiteElo "1684"]
[BlackElo "2052"]
[PlyCount "100"]
[EventDate "2017.09.17"]
[EventType "swiss"]
[EventRounds "9"]
[EventCountry "ESP"]
[SourceTitle "Ajedrez en Madrid"]
[Source "lmi"]
[SourceDate "2017.09.17"]

1. d4 Nf6 2. Nf3 g6 3. Nc3 d5 4. Bf4 Bg7 5. Qd2 Bf5 6. Ne5 Nbd7 7. f3 h5 8. Bg5
c6 9. h4 Nxe5 10. dxe5 Nd7 11. e4 dxe4 12. fxe4 Be6 13. O-O-O Qa5 14. Bc4 Qxe5
15. Bf4 Qxf4 16. Qxf4 Bh6 17. Qxh6 Rxh6 18. Bxe6 fxe6 19. e5 O-O-O 20. Rd3 Rf8
21. Rhd1 Nc5 22. Re3 Rf5 23. b4 Nd7 24. Ne2 Rxe5 25. Rxe5 Nxe5 26. Nf4 Nd7 27.
Nxe6 Rh8 28. a4 Nb6 29. a5 Nd5 30. Rd4 Nc7 31. Re4 Rh7 32. c4 Nxe6 33. Rxe6 Rg7
34. Kd2 Kd7 35. Re4 Rf7 36. Ke2 Rf6 37. b5 cxb5 38. cxb5 Rf5 39. Rb4 b6 40.
axb6 axb6 41. g4 Rd5 42. gxh5 gxh5 43. Ke3 Kd6 44. Ke4 Kc5 45. Rb1 Rd4+ 46. Kf5
Rxh4 47. Re1 Kxb5 48. Rxe7 Rc4 49. Kg5 h4 50. Rh7 Kb4 0-1

[Event "29. Torneo San Viator 2017"]
[Site "Madrid ESP"]
[Date "2017.09.24"]
[Round "2.10"]
[White "Arauz Alonso, Fernando"]
[Black "Sanchez Gomez, Emiliano"]
[Result "1-0"]
[WhiteElo "2140"]
[BlackElo "1742"]
[PlyCount "79"]
[EventDate "2017.09.17"]
[EventType "swiss"]
[EventRounds "9"]
[EventCountry "ESP"]
[SourceTitle "Ajedrez en Madrid"]
[Source "lmi"]
[SourceDate "2017.09.17"]

1. d4 Nf6 2. c4 g6 3. Nc3 d5 4. cxd5 Nxd5 5. e4 Nxc3 6. bxc3 Bg7 7. Nf3 c5 8.
Be2 Qa5 9. O-O O-O 10. Rb1 Nc6 11. Rb5 Qxa2 12. Rxc5 Na5 13. Bg5 b6 14. Rc7 f6
15. Be3 Qe6 16. Qd2 Qd6 17. Bf4 e5 18. dxe5 Qxd2 19. Nxd2 fxe5 20. Bg3 Be6 21.
Nf3 Rfc8 22. Re7 Re8 23. Rxe8+ Rxe8 24. Nxe5 Rc8 25. Rd1 Bb3 26. Rd7 Rxc3 27.
Rd8+ Bf8 28. h4 Be6 29. Bg4 Bxg4 30. Nxg4 Kf7 31. Rd7+ Ke6 32. Rxa7 Bc5 33. Bf4
h5 34. Ne3 Nc4 35. Nd5 Rc2 36. Nc7+ Kf6 37. Ne8+ Ke6 38. Ng7+ Kf6 39. e5+ Nxe5
40. Bg5# 1-0

[Event "29. Torneo San Viator 2017"]
[Site "Madrid ESP"]
[Date "2017.09.24"]
[Round "2.12"]
[White "Fernandez Estremera, Fernando"]
[Black "Mazo Fernandez, Roberto"]
[Result "0-1"]
[WhiteElo "1721"]
[BlackElo "1967"]
[PlyCount "84"]
[EventDate "2017.09.17"]
[EventType "swiss"]
[EventRounds "9"]
[EventCountry "ESP"]
[SourceTitle "Ajedrez en Madrid"]
[Source "lmi"]
[SourceDate "2017.09.17"]

1. d4 Nf6 2. c4 e6 3. Nc3 Bb4 4. Qc2 b6 5. a3 Bxc3+ 6. Qxc3 Bb7 7. Bg5 h6 8.
Bh4 g5 9. Bg3 Ne4 10. Qe3 d6 11. d5 Nxg3 12. hxg3 Qf6 13. O-O-O Nd7 14. Qd4 e5
15. Qe3 Ba6 16. Nf3 Bxc4 17. Qc3 Ba6 18. Qc6 Rc8 19. b4 Rb8 20. Qa4 Bb7 21. e4
a6 22. Rd2 b5 23. Qb3 Nb6 24. Rc2 Rc8 25. Qe3 Qg7 26. Nd2 f5 27. f3 O-O 28. Be2
Na4 29. Nb3 c6 30. Na5 f4 31. Qa7 Rc7 32. Nxb7 Rxb7 33. Qxa6 Rb6 34. Qa5 Qb7
35. dxc6 Rxc6 36. Qxb5 Rxc2+ 37. Kxc2 Rc8+ 38. Kb3 Qa7 39. Qd5+ Kg7 40. Bc4 Nb6
41. Qxd6 Qa4+ 42. Kb2 Nxc4+ 0-1

[Event "29. Torneo San Viator 2017"]
[Site "Madrid ESP"]
[Date "2017.09.24"]
[Round "2.13"]
[White "Sanz Toledano, Alfonso"]
[Black "Recuenco Andres, Javier"]
[Result "1/2-1/2"]
[WhiteElo "1818"]
[BlackElo "1904"]
[PlyCount "54"]
[EventDate "2017.09.17"]
[EventType "swiss"]
[EventRounds "9"]
[EventCountry "ESP"]
[SourceTitle "Ajedrez en Madrid"]
[Source "lmi"]
[SourceDate "2017.09.17"]

1. d4 d6 2. Nf3 Nf6 3. c4 Nbd7 4. Nc3 c5 5. d5 g6 6. Bf4 Bg7 7. h3 Nh5 8. Bd2
Ne5 9. e4 O-O 10. g4 Nxf3+ 11. Qxf3 Nf6 12. Be2 Ne8 13. Qg3 e5 14. g5 f5 15.
gxf6 Bxf6 16. h4 Qe7 17. O-O-O Ng7 18. Rdg1 Bd7 19. h5 g5 20. Bxg5 Bxg5+ 21.
Qxg5 Qxg5+ 22. Rxg5 Kh8 23. Rhg1 Ne8 24. Kd2 Nf6 25. Ke3 Rg8 26. Rxg8+ Rxg8 27.
Rxg8+ Kxg8 1/2-1/2

[Event "29. Torneo San Viator 2017"]
[Site "Madrid ESP"]
[Date "2017.09.24"]
[Round "2.14"]
[White "Camacho Casado, Demetrio"]
[Black "Del Rio Perezagua, Mario"]
[Result "0-1"]
[WhiteElo "1869"]
[BlackElo "1636"]
[PlyCount "132"]
[EventDate "2017.09.17"]
[EventType "swiss"]
[EventRounds "9"]
[EventCountry "ESP"]
[SourceTitle "Ajedrez en Madrid"]
[Source "lmi"]
[SourceDate "2017.09.17"]

1. d4 Nf6 2. Bf4 g6 3. e3 Bg7 4. Be2 O-O 5. h3 d6 6. Nf3 Nbd7 7. O-O c5 8. c3
b6 9. Nbd2 Bb7 10. a4 a6 11. Qb1 Rc8 12. Rc1 Rc7 13. Bh2 Qa8 14. b4 Rfc8 15. a5
cxb4 16. Qxb4 Nd5 17. Qb2 Nxc3 18. Bd3 b5 19. Re1 Ne4 20. Nxe4 Bxe4 21. Bxe4
Qxe4 22. Qb3 Qc2 23. Qxc2 Rxc2 24. Kf1 Nf6 25. e4 d5 26. exd5 Nxd5 27. Bg3 R8c4
28. Be5 Bxe5 29. dxe5 e6 30. Ng5 Rb2 31. Re2 Rcc2 32. Rxc2 Rxc2 33. Ne4 Kg7 34.
g3 Kf8 35. Ke1 Ke7 36. Kd1 Nb4 37. Rb1 Rc4 38. Nd6 Rd4+ 39. Ke2 Nc6 40. f4 Nxa5
41. Ra1 Ra4 42. Rxa4 bxa4 43. Kd3 f6 44. Nc8+ Kf7 45. Nd6+ Ke7 46. Nc8+ Kf8 47.
exf6 Kf7 48. Nd6+ Kxf6 49. Ne4+ Kf5 50. Nd6+ Kf6 51. Ne4+ Ke7 52. Nc5 Nb3 53.
Nxa4 Kd6 54. Nc3 Nc5+ 55. Kc4 Kc6 56. Kd4 Kd6 57. Nd1 a5 58. Ne3 Nb7 59. Nc4+
Ke7 60. Nb2 Kf6 61. Na4 Nd6 62. g4 Nf7 63. Nc5 g5 64. Ne4+ Kg6 65. f5+ exf5 66.
gxf5+ Kxf5 0-1

[Event "29. Torneo San Viator 2017"]
[Site "Madrid ESP"]
[Date "2017.09.24"]
[Round "2.15"]
[White "Sotoca Aguado, Jose"]
[Black "Ochoa Gonzalez, Hugo"]
[Result "0-1"]
[WhiteElo "1885"]
[BlackElo "1557"]
[PlyCount "102"]
[EventDate "2017.09.17"]
[EventType "swiss"]
[EventRounds "9"]
[EventCountry "ESP"]
[SourceTitle "Ajedrez en Madrid"]
[Source "lmi"]
[SourceDate "2017.09.17"]

1. d4 Nf6 2. c4 d6 3. Nc3 Nbd7 4. e4 g6 5. Nf3 Bg7 6. Be2 O-O 7. O-O e5 8. dxe5
dxe5 9. Qc2 c6 10. Rd1 Qc7 11. h3 h6 12. Nh2 Nc5 13. Be3 Ne6 14. c5 Nd4 15.
Bxd4 exd4 16. Rxd4 Qe5 17. Rad1 Qxc5 18. b4 Qe7 19. a3 Be6 20. Rd6 Rad8 21.
R6d2 Nd7 22. f4 f5 23. e5 Qh4 24. Rd6 Rfe8 25. Rxe6 Rxe6 26. Bc4 Nf8 27. Rxd8
Qxd8 28. Nf3 Kh7 29. Bxe6 Nxe6 30. Ne2 Qb6+ 31. Kh2 Qe3 32. Qc4 Nd8 33. Nfd4
Qe4 34. Qc5 Qd5 35. Qe7 Kh8 36. g4 fxg4 37. hxg4 g5 38. Nf5 Ne6 39. Nxg7 Nxg7
40. fxg5 Qf3 41. Ng3 Qxg4 42. gxh6 Qxg3+ 43. Kxg3 Nf5+ 44. Kf4 Nxe7 45. Kg5 Kh7
46. Kf6 Nd5+ 47. Kf7 a5 48. e6 axb4 49. axb4 b6 50. e7 Nxe7 51. Kxe7 c5 0-1

[Event "29. Torneo San Viator 2017"]
[Site "Madrid ESP"]
[Date "2017.09.24"]
[Round "2.16"]
[White "Fernandez Rios, Jose Francisco"]
[Black "Barahona Torrijos, Angel"]
[Result "0-1"]
[WhiteElo "1770"]
[BlackElo "1855"]
[PlyCount "56"]
[EventDate "2017.09.17"]
[EventType "swiss"]
[EventRounds "9"]
[EventCountry "ESP"]
[SourceTitle "Ajedrez en Madrid"]
[Source "lmi"]
[SourceDate "2017.09.17"]

1. d4 Nf6 2. c4 e5 3. dxe5 Ng4 4. Nf3 Nc6 5. Bg5 Be7 6. Bxe7 Qxe7 7. e4 Qc5 8.
Qd2 Ncxe5 9. Nxe5 Qxe5 10. Bd3 O-O 11. h3 Nf6 12. Nc3 d6 13. O-O Nh5 14. f4
Qd4+ 15. Kh2 f5 16. Ne2 Qb6 17. exf5 Nf6 18. Rae1 Bd7 19. Nc3 Bc6 20. Re7 Rae8
21. Rfe1 Rxe7 22. Rxe7 Re8 23. Rxe8+ Bxe8 24. Qe2 Kf8 25. g4 Qd4 26. Kg3 Bc6
27. g5 Nh5+ 28. Qxh5 Qg1+ 0-1

[Event "29. Torneo San Viator 2017"]
[Site "Madrid ESP"]
[Date "2017.09.24"]
[Round "2.17"]
[White "Garcia Martin, Esteban"]
[Black "Jimenez Elices, Jose Maria"]
[Result "1-0"]
[WhiteElo "1854"]
[BlackElo "1766"]
[PlyCount "35"]
[EventDate "2017.09.17"]
[EventType "swiss"]
[EventRounds "9"]
[EventCountry "ESP"]
[SourceTitle "Ajedrez en Madrid"]
[Source "lmi"]
[SourceDate "2017.09.17"]

1. c4 e6 2. Nf3 d5 3. b3 Be7 4. Bb2 Bf6 5. d4 c5 6. e3 Nc6 7. Bd3 cxd4 8. exd4
Nge7 9. O-O O-O 10. Na3 b6 11. Ne5 g6 12. Rc1 Nb4 13. Bb1 Bxe5 14. dxe5 dxc4
15. Nxc4 Ba6 16. Qf3 Bxc4 17. Rxc4 Rc8 18. Rxb4 1-0

[Event "29. Torneo San Viator 2017"]
[Site "Madrid ESP"]
[Date "2017.09.24"]
[Round "2.18"]
[White "Gonzalez-Ruano Perez, Cesar"]
[Black "Estevez Sacristan, Deva"]
[Result "1-0"]
[WhiteElo "1848"]
[BlackElo "1665"]
[PlyCount "81"]
[EventDate "2017.09.17"]
[EventType "swiss"]
[EventRounds "9"]
[EventCountry "ESP"]
[SourceTitle "Ajedrez en Madrid"]
[Source "lmi"]
[SourceDate "2017.09.17"]

1. Nf3 d5 2. g3 c6 3. b3 Bg4 4. Bb2 Nf6 5. Bg2 e6 6. d3 Bc5 7. Ne5 Bf5 8. Nd2
O-O 9. O-O Nfd7 10. e4 Bg6 11. Nxg6 hxg6 12. Qe2 f6 13. d4 Be7 14. Rae1 Re8 15.
c4 Qa5 16. a3 dxc4 17. bxc4 Nb6 18. c5 Na4 19. Nc4 Qc7 20. Bc1 b6 21. Qc2 b5
22. Bf4 Qd7 23. Nd6 Bxd6 24. Bxd6 a5 25. d5 e5 26. f4 Na6 27. fxe5 fxe5 28. Qf2
b4 29. dxc6 Qe6 30. axb4 axb4 31. Ra1 Nb8 32. Bh3 Qc4 33. c7 Nc6 34. c8=Q Rexc8
35. Bxc8 Rxc8 36. Rxa4 Qxe4 37. Qa2+ Kh7 38. Qg2 Qe3+ 39. Kh1 Kg8 40. Ra6 Qd3
41. Rxc6 1-0

[Event "29. Torneo San Viator 2017"]
[Site "Madrid ESP"]
[Date "2017.09.24"]
[Round "2.19"]
[White "Lopez Nuñez, Roberto"]
[Black "Muñoz Cebey, Ricardo"]
[Result "1-0"]
[WhiteElo "1766"]
[BlackElo "1847"]
[PlyCount "43"]
[EventDate "2017.09.17"]
[EventType "swiss"]
[EventRounds "9"]
[EventCountry "ESP"]
[SourceTitle "Ajedrez en Madrid"]
[Source "lmi"]
[SourceDate "2017.09.17"]

1. Nf3 d5 2. c4 dxc4 3. Qa4+ Nc6 4. Qxc4 e5 5. Nc3 Nf6 6. Ng5 Qe7 7. g3 h6 8.
Nge4 Nxe4 9. Qxe4 f5 10. Qa4 Bd7 11. Bg2 Nd4 12. Qd1 Bc6 13. Bxc6+ Nxc6 14. O-O
O-O-O 15. Qa4 h5 16. h4 g5 17. hxg5 Rd4 18. Qb3 Qxg5 19. Qe6+ Kb8 20. d3 Qg4
21. Nd5 h4 22. Qe8+ 1-0

[Event "29. Torneo San Viator 2017"]
[Site "Madrid ESP"]
[Date "2017.09.24"]
[Round "2.20"]
[White "Gonzalez Jimenez, Gerardo"]
[Black "Cano Mercado, Francisco Manuel"]
[Result "0-1"]
[WhiteElo "1655"]
[BlackElo "1823"]
[PlyCount "106"]
[EventDate "2017.09.17"]
[EventType "swiss"]
[EventRounds "9"]
[EventCountry "ESP"]
[SourceTitle "Ajedrez en Madrid"]
[Source "lmi"]
[SourceDate "2017.09.17"]

1. c4 c5 2. Nf3 Nf6 3. g3 Nc6 4. Bg2 g6 5. Nc3 Bg7 6. O-O d5 7. cxd5 Nxd5 8.
Qa4 O-O 9. Rd1 Nxc3 10. dxc3 Qa5 11. Qxa5 Nxa5 12. Rd5 b6 13. Rd1 Ba6 14. Bf1
Rfd8 15. Nd2 Nc4 16. e3 Nxd2 17. Bxd2 Bb7 18. Bg2 Rab8 19. Be1 Bxg2 20. Kxg2 f5
21. Rac1 Kf7 22. Kf3 e5 23. Ke2 Ke6 24. Rc2 Rxd1 25. Kxd1 Rd8+ 26. Rd2 Rxd2+
27. Bxd2 Kd5 28. f3 b5 29. b3 h6 30. Ke2 a6 31. Kd3 c4+ 32. Ke2 a5 33. Kd1 Bf8
34. Kc2 g5 35. Bc1 h5 36. Kd1 g4 37. Ke2 gxf3+ 38. Kxf3 cxb3 39. axb3 a4 40.
bxa4 bxa4 41. Bd2 Ba3 42. h3 Bb2 43. g4 fxg4+ 44. hxg4 hxg4+ 45. Kxg4 a3 46.
Kf5 a2 47. e4+ Kd6 48. c4 a1=Q 49. Bb4+ Kc6 50. Ke6 Qa4 51. Be7 Qxc4+ 52. Kf5
Qf7+ 53. Bf6 Bc1 0-1

[Event "29. Torneo San Viator 2017"]
[Site "Madrid ESP"]
[Date "2017.09.24"]
[Round "2.21"]
[White "Tudela Garcia, Antonio"]
[Black "Mihalcea, George Andrei"]
[Result "0-1"]
[WhiteElo "1593"]
[BlackElo "1777"]
[PlyCount "74"]
[EventDate "2017.09.17"]
[EventType "swiss"]
[EventRounds "9"]
[EventCountry "ESP"]
[SourceTitle "Ajedrez en Madrid"]
[Source "lmi"]
[SourceDate "2017.09.17"]

1. e4 e6 2. Qe2 Bc5 3. Nf3 Nc6 4. g3 Nge7 5. Bg2 O-O 6. O-O f5 7. d3 fxe4 8.
dxe4 d5 9. c3 Kh8 10. Bg5 dxe4 11. Qxe4 Qd5 12. Qxd5 exd5 13. Nbd2 Bg4 14. Nb3
Bb6 15. Bxe7 Nxe7 16. Ne5 Be2 17. Nd7 Bxf1 18. Rxf1 Rfe8 19. Nxb6 axb6 20. a3
Rad8 21. Nd4 Ng8 22. Bf3 Nf6 23. h3 g6 24. Rd1 c6 25. Kf1 Kg7 26. Nc2 Ne4 27.
c4 Rf8 28. Nd4 Ng5 29. Bg2 dxc4 30. h4 c5 31. hxg5 Rxd4 32. Rxd4 cxd4 33. Be4
Re8 34. f3 Rxe4 35. fxe4 Kf7 36. Ke2 b5 37. Kd2 Ke6 0-1

[Event "29. Torneo San Viator 2017"]
[Site "Madrid ESP"]
[Date "2017.10.01"]
[Round "3.1"]
[White "Lobato Rivero, Carlos"]
[Black "Quispe Arteaga, Gabriel"]
[Result "0-1"]
[WhiteElo "1971"]
[BlackElo "2197"]
[PlyCount "122"]
[EventDate "2017.09.17"]
[EventType "swiss"]
[EventRounds "9"]
[EventCountry "ESP"]
[SourceTitle "Ajedrez en Madrid"]
[Source "lmi"]
[SourceDate "2017.09.17"]

1. e4 c5 2. c3 d5 3. exd5 Qxd5 4. d4 Nf6 5. Nf3 Bg4 6. Be2 e6 7. O-O Nc6 8. h3
Bh5 9. Be3 cxd4 10. cxd4 Be7 11. Nc3 Qd6 12. Qb3 O-O 13. Rfd1 Nb4 14. Rac1 Nbd5
15. g4 Nxe3 16. Nb5 Qd8 17. fxe3 Bg6 18. Ne5 Be4 19. Nc3 Bd5 20. Nxd5 Nxd5 21.
Bf3 Bg5 22. Bxd5 Qxd5 23. Qxd5 Bxe3+ 24. Kg2 exd5 25. Rc7 f6 26. Nf3 Rf7 27.
Rxf7 Kxf7 28. Rd3 Bf4 29. Rc3 Bd6 30. Kf2 Re8 31. a4 g5 32. a5 a6 33. Rb3 Re7
34. Kf1 Bf4 35. Rb6 Kg6 36. b4 Kf7 37. b5 axb5 38. Rxb5 Ke6 39. Rb6+ Bd6 40. a6
bxa6 41. Rxa6 h5 42. Ne1 Rb7 43. Nd3 Ke7 44. Kg2 h4 45. Ra2 Rb3 46. Re2+ Kd7
47. Re3 Ra3 48. Kf3 Ra4 49. Nc5+ Bxc5 50. dxc5 Rc4 51. Rd3 Rxc5 52. Ke3 Ke6 53.
Ra3 Rb5 54. Kd4 Rb4+ 55. Kc5 Rc4+ 56. Kb5 Rc8 57. Re3+ Kd6 58. Rf3 Ke5 59. Rf5+
Ke6 60. Kb4 d4 61. Kb3 Rc3+ 0-1

[Event "29. Torneo San Viator 2017"]
[Site "Madrid ESP"]
[Date "2017.10.01"]
[Round "3.2"]
[White "Bustos Bernardo, Samuel"]
[Black "Rodriguez Bittar, Karim Javier"]
[Result "1/2-1/2"]
[WhiteElo "2096"]
[BlackElo "1934"]
[PlyCount "178"]
[EventDate "2017.09.17"]
[EventType "swiss"]
[EventRounds "9"]
[EventCountry "ESP"]
[SourceTitle "Ajedrez en Madrid"]
[Source "lmi"]
[SourceDate "2017.09.17"]

1. Nf3 c5 2. c4 Nc6 3. d4 cxd4 4. Nxd4 g6 5. e4 Bg7 6. Be3 Nf6 7. Nc3 Ng4 8.
Qxg4 Nxd4 9. Qd1 Nc6 10. Qd2 Qa5 11. Rc1 d6 12. Be2 Be6 13. O-O O-O 14. Rfd1
Rac8 15. b3 Rfd8 16. Nd5 Qxd2 17. Rxd2 b6 18. Rdc2 Kf8 19. Rd2 Ne5 20. Rcd1 h6
21. h3 g5 22. f4 gxf4 23. Nxf4 Kg8 24. Bd4 Rf8 25. Nh5 Bh8 26. g4 Ng6 27. Be3
Kh7 28. Bd3 Be5 29. Rf1 f6 30. Kg2 Nh4+ 31. Kf2 Ng6 32. Ke2 Rg8 33. Kd1 Nh4 34.
a4 Ng6 35. Ra2 Bc3 36. Ng3 Ne5 37. Kc2 Bb4 38. Ne2 Bc5 39. Nd4 Bxd4 40. Bxd4
Nxd3 41. Kxd3 Rc6 42. a5 h5 43. axb6 axb6 44. Ra7 Rg7 45. Rf4 hxg4 46. hxg4 Kg6
47. Rb7 Bxc4+ 48. bxc4 e5 49. Rxg7+ Kxg7 50. Rf5 exd4 51. Kxd4 Kg6 52. Rb5 Kf7
53. Kd5 Rc8 54. Rxb6 Rc5+ 55. Kd4 Ke6 56. Rb5 Rc8 57. g5 fxg5 58. Rxg5 Ra8 59.
Rg6+ Kd7 60. Rg7+ Ke6 61. Rg1 Ra4 62. Rb1 Ra2 63. Rb6 Kd7 64. Rb5 Kc6 65. Rd5
Ra4 66. e5 dxe5+ 67. Rxe5 Ra1 68. Re6+ Kc7 69. Rh6 Rd1+ 70. Kc5 Rg1 71. Rh7+
Kc8 72. Rh6 Kc7 73. Rh7+ Kc8 74. Kb5 Rg5+ 75. c5 Rg6 76. Ra7 Kb8 77. Rd7 Kc8
78. Rf7 Rh6 79. Rf8+ Kc7 80. Re8 Rg6 81. Kc4 Kc6 82. Rc8+ Kb7 83. Rf8 Rc6 84.
Rf4 Rh6 85. Kb4 Rg6 86. Rc4 Rh6 87. Rc1 Rh4+ 88. Rc4 Rh5 89. Rg4 Rh6 1/2-1/2

[Event "29. Torneo San Viator 2017"]
[Site "Madrid ESP"]
[Date "2017.10.01"]
[Round "3.4"]
[White "Iagar, Razvan-Gabriel"]
[Black "Rodriguez Valero, Martin"]
[Result "1/2-1/2"]
[WhiteElo "2163"]
[BlackElo "1835"]
[PlyCount "61"]
[EventDate "2017.09.17"]
[EventType "swiss"]
[EventRounds "9"]
[EventCountry "ESP"]
[SourceTitle "Ajedrez en Madrid"]
[Source "lmi"]
[SourceDate "2017.09.17"]

1. d4 Nf6 2. c4 g6 3. Nc3 d5 4. Nf3 Bg7 5. e3 O-O 6. cxd5 Nxd5 7. Bc4 Nb6 8.
Bb3 c5 9. O-O cxd4 10. Nxd4 Nc6 11. Nxc6 bxc6 12. Qf3 Qc7 13. e4 a5 14. Bf4 Qb7
15. a3 a4 16. Bc2 Be6 17. Rfd1 Bb3 18. Bxb3 axb3 19. Rd3 Rfd8 20. Rad1 Rxd3 21.
Qxd3 h6 22. Be3 Qa6 23. Qxa6 Rxa6 24. Bxb6 Rxb6 25. Rc1 e6 26. Kf1 c5 27. Na4
Ra6 28. Nxc5 Rc6 29. Nxb3 Rxc1+ 30. Nxc1 Bxb2 31. Nd3 1/2-1/2

[Event "29. Torneo San Viator 2017"]
[Site "Madrid ESP"]
[Date "2017.10.01"]
[Round "3.5"]
[White "Del Rio Perezagua, Mario"]
[Black "Luque Ibañes, Manuel"]
[Result "1/2-1/2"]
[WhiteElo "1636"]
[BlackElo "1987"]
[PlyCount "92"]
[EventDate "2017.09.17"]
[EventType "swiss"]
[EventRounds "9"]
[EventCountry "ESP"]
[SourceTitle "Ajedrez en Madrid"]
[Source "lmi"]
[SourceDate "2017.09.17"]

1. Nf3 d5 2. g3 c5 3. Bg2 Nf6 4. O-O Nc6 5. d3 e5 6. e4 dxe4 7. dxe4 Qxd1 8.
Rxd1 Bg4 9. Re1 Nd4 10. Nxd4 cxd4 11. c3 Bc5 12. cxd4 Bxd4 13. Nd2 Rc8 14. Nf3
Bxf3 15. Bxf3 Rc2 16. Re2 Rxe2 17. Bxe2 Nxe4 18. Be3 Bxe3 19. fxe3 Ke7 20. Rc1
Rd8 21. Rc7+ Rd7 22. Rc2 Rd2 23. Rxd2 Nxd2 24. Kf2 Ne4+ 25. Kf3 f5 26. Bd3 Nd6
27. Bc2 Kf6 28. h3 h5 29. b3 a5 30. a4 e4+ 31. Kf2 Ke5 32. Bd1 g6 33. h4 Kd5
34. Ke1 Kc5 35. Kd2 Kb4 36. Kc2 Nf7 37. Kb2 Ne5 38. Kc2 Nf3 39. Be2 Ne1+ 40.
Kd2 Nd3 41. Kc2 b6 42. Bf1 Ne1+ 43. Kb2 Nd3+ 44. Kc2 Ne5 45. Be2 Nd3 46. Bf1
Ne5 1/2-1/2

[Event "29. Torneo San Viator 2017"]
[Site "Madrid ESP"]
[Date "2017.10.01"]
[Round "3.6"]
[White "Mazo Fernandez, Roberto"]
[Black "Tarrio Ocaña, Jose Manuel"]
[Result "1/2-1/2"]
[WhiteElo "1967"]
[BlackElo "1869"]
[PlyCount "54"]
[EventDate "2017.09.17"]
[EventType "swiss"]
[EventRounds "9"]
[EventCountry "ESP"]
[SourceTitle "Ajedrez en Madrid"]
[Source "lmi"]
[SourceDate "2017.09.17"]

1. d4 d5 2. c4 c6 3. Nf3 Nf6 4. Nbd2 e6 5. g3 Nbd7 6. Bg2 Be7 7. O-O O-O 8. Qc2
b6 9. e4 dxe4 10. Nxe4 Nxe4 11. Qxe4 Bb7 12. Rd1 Qc8 13. Ne5 Nxe5 14. dxe5 Rb8
15. Qg4 Kh8 16. Bg5 Bxg5 17. Qxg5 c5 18. Bxb7 Qxb7 19. Rd6 Qe4 20. Qf4 Qxf4 21.
gxf4 b5 22. cxb5 Rxb5 23. b3 g6 24. Ra6 Rb4 25. Rxa7 Rxf4 26. Rc7 Rd8 27. Rxc5
Rd2 1/2-1/2